1523 1752 1035 1355 1941 1249 1315 1578 1289 1084 1866 1335 1629 1757 1270 1181 1825 1586 1553 1084 1789 1049 1717 1750 1980 1052 1901 1707 1725 1385 1251 1789 1499 1936 1315 1545 1353 1207 1222 1075 1792 1047 1515 1220 1218 1236 1172 1545 1399 1723 1500 1819 1864 1923 1984 1288 1126 1467 1090 1882 1294 1778 1142 1137 1802 1256 1128 1154 1101 1078 1074 1861 1703 1842 1015 1102 1841 1776 1201 1524 1773 1305 1856 1894 1536 1043 1338 1811 1232 1835 1376 1558 1817 1199 1247 1022 1504 1922 1787 BCNSPRNW ULIB Ver.6.0+V

เปลี่ยนเป็นภาษาไทย

Change to English
 แสดงรายละเอียดบรรณานุกรม
  กลับหน้าหลัก

Brief Record : Get Marc (ISO 2709) : E-mail record : QR code < ปิดหน้าต่าง
LEADER : 00000nam 2200000uu 4500
001    13399115205
003     ULIB
008    120730s2549||||th 000 0 tha d
020    ^a9742762597
020    ^a9789742762599
050  4 ^aQH581.2^bล239ช
100 0  ^aลัดดา เอกสมทราเมษฐ์
245 10 ^aชีววิทยาของเซลล์ =^bCell biology /^cลัดดา เอกสมทราเมษฐ์
246 31 ^aCell biology
250    ^aพิมพ์ครั้งที่ 2
260    ^aกรุงเทพฯ :^bโอเดียนสโตร์,^c2549
300    ^a255 หน้า :^bภาพประกอบ ;^c24 ซม.
650  4 ^aเซลล์
650  4 ^aชีววิทยา
945    ^p195^l0^i032152
995    ^aเกษร
999    ^aใช้งานได้ทุกระบบ
รายการนี้ยังไม่มีแท็ก
คุณยังไม่ได้ล็อกอิน คุณสามารถมีกิจกรรมร่วมกับเว็บไซต์ได้ แต่ต้องล็อกอินก่อน ::
  ล็อกอิน

รายการสื่อสารสนเทศ

ลำดับที่ ประเภท เลขเรียก/บาร์โค้ด สถานที่ สถานะ
- ไม่พบข้อมูล -

รายการใกล้เคียง
    ผู้แต่ง [ลัดดา เอกสมทราเมษฐ์]

    หัวเรื่อง [เซลล์]
    หัวเรื่อง [ชีววิทยา]

BibComment


ยังไม่เคยถูกคอมเมนท์

คอมเมนท์ทรัพยากรรายการนี้
  คอมเมนท์: ชีววิทยาของเซลล์..


 Copyright 2026. Bcnsprnw @Library